اسلا م مين عو ر ت کا مقا م (Record no. 66514)
[ view plain ]
| 000 -LEADER | |
|---|---|
| fixed length control field | 01926nam a22002897a 4500 |
| 005 - DATE AND TIME OF LATEST TRANSACTION | |
| control field | 2012050800420.0 |
| 010 ## - LCCN (DPL NO) | |
| LC control number | B-472405-08 B-483273 |
| 020 ## - INTERNATIONAL STANDARD BOOK NUMBER | |
| Terms of availability | 60.00 |
| 035 ## - SYSTEM CONTROL NUMBER | |
| System control number | B-472405-08 B-483273 |
| 037 ## - SOURCE OF ACQUISITION | |
| Source of stock number/acquisition | BPPD |
| 082 ## - DEWEY DECIMAL CLASSIFICATION NUMBER | |
| Classification number | 270 |
| 100 ## - MAIN ENTRY--PERSONAL NAME | |
| Personal name | مو لف: اسر ار احمد |
| 245 ## - TITLE STATEMENT | |
| Title | اسلا م مين عو ر ت کا مقا م |
| Statement of responsibility, etc | مو لف :ڈا کٹر اسر ا ر احمد |
| 246 ## - VARYING FORM OF TITLE | |
| Title proper/short title | Is lam Mein Aurat Ka Maqam |
| 250 ## - EDITION STATEMENT | |
| Edition statement | Ed. by Dr. Israr Ahmed |
| 260 ## - PUBLICATION, DISTRIBUTION, ETC. (IMPRINT) | |
| Place of publication, distribution, etc | نئ دھلی |
| Name of publisher, distributor, etc | ا ر يب پبليکيشنز |
| Date of publication, distribution, etc | 2012 |
| 270 ## - ADDRESS | |
| Address | 1542،پٹو دی ہا ؤس د ر يا گنج |
| City | نئ دھلی |
| Postal code | 110002 |
| 300 ## - PHYSICAL DESCRIPTION | |
| Extent | 152 ص |
| Dimensions | 22cm (Pb) |
| 942 ## - ADDED ENTRY ELEMENTS (KOHA) | |
| Source of classification or shelving scheme | Dewey Decimal Classification |
| Item type | Urdu Bks |
| Classification part | 270 |
| Call number suffix | ا س ل |
| Withdrawn status | Lost status | Not for loan | Collection code | Home library | Current library | Date acquired | Source of acquisition | Cost, normal purchase price | Full call number | Barcode | Copy number | Koha item type | Cost, replacement price |
|---|---|---|---|---|---|---|---|---|---|---|---|---|---|
| Non-fiction | Bawana | Bawana | 11/05/2012 | Allied Pub./Bill No .2012/CR//01/30./3/12/7/41/30/03/12/30/03/12 | 60.00 | 270 ا س ل | B-472408 | 1 | Urdu Bks | ||||
| Lost and Paid For | Non-fiction | Central Library | Central Library | 11/05/2012 | Allied Pub./Bill No .2012/CR//01/30./3/12/7/41/30/03/12/30/03/12 | 60.00 | 270 ا س ل | B-472405 | 1 | Urdu Bks | |||
| Non-fiction | Mobile Library | Mobile Library | 01/10/2012 | Allied Pub./7/41/121/20.03.12/cr/02/17.04.12/19.06.12 | 60.00 | 270 ا س ل | B-483273 | 1 | Urdu Bks | 60.00 | |||
| Non-fiction | Patel Nagar | Patel Nagar | 11/05/2012 | Allied Pub./Bill No .2012/CR//01/30./3/12/7/41/30/03/12/30/03/12 | 60.00 | 270 ا س ل | B-472406 | 1 | Urdu Bks | ||||
| Non-fiction | Sarojini Nagar | Sarojini Nagar | 11/05/2012 | Allied Pub./Bill No .2012/CR//01/30./3/12/7/41/30/03/12/30/03/12 | 60.00 | 270 ا س ل | B-472407 | 1 | Urdu Bks |
